Statistics for 2006-07 AC Milan Winning Squad

Click here to take the quiz!

General Stats

  • This quiz has been taken 290 times
  • The average score is 9 of 12

Answer Stats

PositionNationalityPerson% Correct
Central DefenderPaolo Maldini
98%
Attacking MidfielderKaká
93%
Central MidfielderAndrea Pirlo
91%
GoalkeeperDida
91%
Central DefenderAlessandro Nesta
86%
Centre ForwardFilippo Inzaghi
84%
CoachCarlo Ancelotti
82%
Central MidfielderGennaro Gattuso
82%
Attacking MidfielderClarence Seedorf
73%
Central MidfielderMassimo Ambrosini
41%
Left BackMarek Jankulovski
38%
Right BackMassimo Oddo
28%

Score Distribution

Percentile by Number Answered

Percent of People with Each Score

Your Score History

You have not taken this quiz